| 000 | 00675nam a2200205 i 4500 | ||
|---|---|---|---|
| 001 | 189821 | ||
| 003 | ES-MaACL | ||
| 005 | 20240306142526.0 | ||
| 008 | 191202s1968 sp |||| | spa d | ||
| 100 | 1 |
_aSmoydzin, Werner. _9168958 |
|
| 245 | 1 | 4 |
_aLos nuevos nazis / _cWerner Smoydzin ; [traducción: Carlos Unterlohner Clavaguera]. |
| 260 |
_aBarcelona : _bDima, _c1968. |
||
| 300 |
_a178 p. ; _c23 cm. |
||
| 490 | 1 |
_aColección "Nuestros días" ; _v12 |
|
| 650 | 4 |
_aNacionalsocialismo _915470 |
|
| 700 | 1 |
_aUnterlohner Claveguera, Carlos. _9112025 |
|
| 830 | 0 |
_aColección "Nuestros días" ; _v12 _9193408 |
|
| 852 |
_aES-MaACL _jP-1091-12 |
||
| 999 |
_c189821 _d189821 |
||